Score 0/20 Timer 03:00
0 Plays Today
Word Song % Correct
PrincePurple
95.3%
PrinceRed
91.6%
PrinceDoves
88.2%
Leonard CohenArc
87.1%
David BowieSpace
85.3%
David BowieStardust
84.8%
George MichaelWant
83.7%
George MichaelOne
80.1%
George MichaelWhisper
78.9%
PrinceBeret
69.7%
Word Song % Correct
Leonard CohenBird
62.1%
David BowieYoung
59.5%
David BowieLove
59.4%
PrinceCrazy
58.6%
David BowieCity
54.3%
George MichaelFather
50.8%
Leonard CohenLong
50.4%
Leonard CohenBlue
26.2%
George MichaelFool
25.5%
Leonard CohenKnows
17.5%

Today's Daily Dose

Remove Ads.
Support Sporcle.
Get the best of Sporcle when you Go Orange. This ad-free experience offers more features, more stats, and more fun while also helping to support Sporcle. Thank you for becoming a member.

You're not logged in!

Compare scores with friends on all Sporcle quizzes.
OR
Log In

Show Comments

Extras

Top Quizzes Today


Score Distribution

Your Account Isn't Verified!

In order to create a playlist on Sporcle, you need to verify the email address you used during registration. Go to your Sporcle Settings to finish the process.

Report this User

Report this user for behavior that violates our Community Guidelines.

Details: